| Tag |
First Indicator |
Second Indicator |
Subfields |
| LEADER |
00000pam a2200000 a 4500 |
| 001 |
in00000586607 |
| 005 |
20151014072316.0 |
| 008 |
860627s1986 nyua b 00110 eng |
| 010 |
|
|
|a 86014972
|
| 020 |
|
|
|a 0824083741 (alk. paper) :
|c $75.00
|
| 035 |
|
|
|a (OCoLC)13860490
|
| 035 |
|
|
|9 ACP2600AM
|
| 040 |
|
|
|a DLC
|c DLC
|d TXA
|d UtOrBLW
|
| 043 |
|
|
|a n-us---
|
| 049 |
|
|
|a TXAM
|c [A10102225]
|
| 050 |
0 |
0 |
|a TH7975.F2
|b W74 1986
|
| 082 |
0 |
|
|a 621.32/254
|2 19
|
| 100 |
1 |
|
|a Wrege, Charles D.
|
| 245 |
1 |
0 |
|a Facts and fallacies of Hawthorne :
|b a historical study of the origins, procedures, and results of the Hawthorne Illumination Tests and their influence upon the Hawthorne Studies /
|c Charles D. Wrege.
|
| 264 |
|
1 |
|a New York :
|b Garland,
|c 1986.
|
| 300 |
|
|
|a 800 pages :
|b illustrations ;
|c 24 cm.
|
| 336 |
|
|
|a text
|b txt
|2 rdacontent
|
| 337 |
|
|
|a unmediated
|b n
|2 rdamedia
|
| 338 |
|
|
|a volume
|b nc
|2 rdacarrier
|
| 490 |
1 |
|
|a American business history
|
| 500 |
|
|
|a Includes index.
|
| 502 |
|
|
|b Ph. D.
|c New York University
|d 1961.
|
| 504 |
|
|
|a Bibliography: pages 763-775.
|
| 650 |
|
0 |
|a Factories
|z United States
|x Lighting
|x History.
|
| 650 |
|
0 |
|a Electric lighting
|z United States
|x History.
|
| 650 |
|
0 |
|a Gas-lighting
|z United States
|x History.
|
| 650 |
|
0 |
|a Research, Industrial
|z United States.
|
| 830 |
|
0 |
|a American business history.
|
| 999 |
|
|
|a MARS
|
| 999 |
f |
f |
|s 078b3981-5b51-3a3d-91e9-b664e7eaadbe
|i 69ce6a02-b54a-3d82-8bea-e22cddd74b0f
|t 0
|
| 952 |
f |
f |
|p ric
|a Texas A&M University
|b Rellis Campus
|c Joint Library Facility
|d Remote Storage
|t 0
|e TH7975.F2 W74 1986
|h Library of Congress classification
|i unmediated -- volume
|m A14810102225
|
| 998 |
f |
f |
|a TH7975.F2 W74 1986
|t 0
|l Remote Storage
|